000 00461nam a2200181Ia 4500
001 11383
005 20260306162824.0
008 260306t1988||||xx |||||||||||||| ||spa||
041 _aESP
082 _a985.04
_bG17
100 _aGamio Palacio, Fernando
_eAUT
245 0 _aEl repúblico y libertador José Faustino Sánchez Carrión
260 _c1988
300 _a470 páginas :
_c23 cm.
650 _aGEN
654 _aCHU
942 _cLIB
_dJUS
_fJUS
_2ddc
_n
999 _c11383
_d11383